000 01029nam a22002537a 4500
001 BD-DhSAU 7469
003 BD-DhSAU
005 20231008111833.0
008 150422b2006 bg ||||| m||m 00| 0 eng d
040 _aBD-DhSAU
082 _222
_a635
_bT1839
100 _aTASNIM, ZERIN
_eRegistration No. # 19-10208
245 _ayield performance of three lettuce varieties grown under different led light spectrum / /
_bMS thesis
260 _aSher-e- Bangla Agricultural University:
_bDepartment of Horticulture,
_c2021.
300 _axi, 103p.:
_b30 cm.
500 _aMS thesis of Department of Horticulture , Faculty of Agriculture, Sher-e-Bangla Agricultural University, Dhaka, Bangladesh
590 _aNamul
650 _alettuce varieties
651 _aled light spectrum
700 _aProf. Dr. A Hasnat M Solaiman
_eSuperviser
700 _aProf. Dr. Md. Nazrul Islam
_eCo-Superviser
856 _uhttp://archive.saulibrary.edu.bd:8080/xmlui/handle/123456789/5021
942 _2ddc
_cTHESIS
999 _c17137
_d17136